| 000 | 01115cam a2200349 i 4500 | ||
|---|---|---|---|
| 001 | 200447482 | ||
| 003 | TR-AnTOB | ||
| 005 | 20240509174024.0 | ||
| 007 | ta | ||
| 008 | 970828s1996 tu ab 000 0 tur | ||
| 010 | _a 97954694 | ||
| 035 | _a(TR-AnTOB)200447482 | ||
| 040 |
_aDLC _beng _erda _cDLC _dTR-AnTOB |
||
| 041 | 0 | _atur | |
| 050 | 0 | 4 |
_aHB2093.4 _b.G638 1996 |
| 090 |
_aHB2093.4 _b.G638 1996 |
||
| 245 | 0 | 0 | _aGöç veren yöreler bölgesel gelişim araştırması. |
| 264 | 1 |
_aİstanbul : _bİstanbul Ticaret Odası, _c1996. |
|
| 300 |
_a130 pages : _billustrations, map ; _c24 cm |
||
| 336 |
_atext _btxt _2rdacontent |
||
| 337 |
_aunmediated _bn _2rdamedia |
||
| 338 |
_avolume _bnc _2rdacarrier |
||
| 490 | 0 |
_aİstanbul Ticaret Odası ; _vyayın no. 1996-26 |
|
| 504 | _aBIB | ||
| 650 | 7 |
_aGöç, İç _zTürkiye _2etuturkob _950301 |
|
| 650 | 0 |
_aBölgesel planlama _zTürkiye _941625 |
|
| 650 | 7 |
_aKırsal kalkınma _zTürkiye _2etuturkob _954617 |
|
| 710 | 2 |
_aİstanbul Ticaret Odası _919571 |
|
| 942 |
_2lcc _cBK |
||
| 999 |
_c200447482 _d65694 |
||